000
00342nam a2200157Ia 4500
008
230711s9999||||xx |||||||||||||| ||und||
041
_a
ENG
082
_a
800
_b
LU-N
100
_a
Ludwig,Emil
245
0
_a
Napoleon
250
_a
1st Ed.
260
_c
2011
_a
New Delhi
_b
Maanu Graphis
300
_a
623
650
_a
Literature
942
_c
BK
999
_c
5339
_d
5339